| 000 | 01118nam a2200337 i 4500 | ||
|---|---|---|---|
| 001 | 662 | ||
| 003 | KOSZ 005 | ||
| 005 | 20200407142159.0 | ||
| 008 | 020218s1977 pl a |000 0 pol | ||
| 015 | _aPB 1977/6745 | ||
| 035 | _a(OCoLC)749292556 | ||
| 040 |
_aWA N _cWA N _dKOSZ 005/EG |
||
| 041 | 0 | _apol | |
| 046 | _k1968 | ||
| 080 | _a621.56/.59 | ||
| 080 | _a(083.1) | ||
| 100 | 1 |
_aMajewski, Jan _eAutor |
|
| 245 | 1 | 0 |
_aKonserwacja urządzeń chłodniczych : _bporadnik dla konserwatorów / _cJan Majewski. |
| 250 | _aWyd. 2 popr. i uzup. | ||
| 260 |
_aWarszawa : _bZakład Wydawnictw CZSR, _c1977. |
||
| 300 |
_a114, [2] s. : _bil., tab. ; _c21 cm. |
||
| 380 | _aKsiążki. | ||
| 500 | _aWyd. poprz. pt.: Poradnik dla konserwatorów urządzeń chłodniczych. | ||
| 658 | _aInżynieria i technika | ||
| 655 | 4 | _aPoradniki | |
| 650 | _aUrządzenia chłodnicze | ||
| 650 | _aKonserwacja maszyn | ||
| 710 | 2 |
_aZakład Wydawnictw CZSR. _4pbl. |
|
| 856 |
_uhttp://koha.tu.koszalin.pl/cgi-bin/koha/opac-detail.pl?biblionumber=662 _yKatalog online BPK |
||
| 942 |
_2UKD _cKS |
||
| 999 |
_c662 _d662 |
||